000 00829nam a22002537 4500
001 58944
005 20250829214555.0
008 250829r |||a|||gr|||| 00| 0 spa d
020 _a9788416056835
040 _aCO-BoRNBP
_bspa
_erda
_cCO-BoRNBP
082 0 4 _a371.043 C v.5
110 1 _aCasa Editorial El Tiempo
_964456
245 1 0 _aCon francisco a mi lado. 05. la autoestima /
_bJuegos y actividades para niños-guía para padres y educadores
250 _aprimera edición
264 1 _aColombia
_bEl tiempo
_c2015
300 _a23 páginas
_bilustraciones, ejercicios
_c25 cm.
336 _atexto
_btxt
_2rdacontenido
337 _asin mediación
_bn
_2rdamedio
338 _avolumen
_bnc
_2rdasoporte
650 1 7 _2LEMB
653 _acuentos infantiles
653 _aactividades de comprensión de lectura
942 _cBK
999 _c58944
_d58944